Consumo con conciencia social y ecológica en nueve municipios del área metropolitana de Monterrey (Record no. 197437)

MARC details
000 -CABECERA
campo de control de longitud fija 02029nab a2200289 a 4500
005 - FECHA Y HORA DE LA ÚLTIMA TRANSACCIÓN
campo de control 20210219163559.0
008 - ELEMENTOS DE LONGITUD FIJA--INFORMACIÓN GENERAL
campo de control de longitud fija 991125s1985 mx 000 0 spa u
024 3# - OTRO IDENTIFICADOR NORMALIZADO
Número estándar o código dx.doi.org/10.24836/es.v27i50.483
035 ## - NÚMERO DE CONTROL DEL SISTEMA
Número de control de sistema UPN01000225341
049 ## - COLECCIÓN
Colección ART
100 1# - ASIENTO PRINCIPAL--NOMBRE PERSONAL
Nombre de persona Luyando Cuevas, José Raúl
100 1# - ASIENTO PRINCIPAL--NOMBRE PERSONAL
Nombre de persona Alvarado Lagunas, Elías
100 1# - ASIENTO PRINCIPAL--NOMBRE PERSONAL
Nombre de persona Morales Ramírez, Dionicio
222 #0 - TÍTULO CLAVE
Título clave ESTUDIOS SOCIALES : REVISTA DE ALIMENTACION CONTEMPORANEA Y DESARROLLO REGIONAL
245 00 - MENCIÓN DE TÍTULO
Título Consumo con conciencia social y ecológica en nueve municipios del área metropolitana de Monterrey
260 ## - PUBLICACIÓN, DISTRIBUCIÓN, ETC.
Lugar de publicación, distribución, etc. Hermosillo, México
362 0# - FECHAS DE PUBLICACIÓN Y/O DESIGNACIÓN SECUENCIAL
Fecha de publicación y/o designación secuencial 2017 Volumen 27, número 50, julio-diciembre
520 3# - NOTA DE RESUMEN, ETC.
Sumario, etc. Objetivo: realizar un estudio sobre el tipo de consumo que se practica en el Área Metropolitana de Monterrey, Nuevo León, México. Con el propósito de saber si éste se efectúa de forma tal que los individuos pudieran estar considerando su impacto sobre el medio ambiente. Metodología: se efectuó una encuesta a 613 personas del lugar y los resultados fueron analizados con métodos estadísticos. Resultados: se encontró que aunque la gente señala conocer conceptos relacionados a la sostenibilidad, le dan poca importancia al perjuicio que su demanda de bienes y servicios causa al medio ambiente. Limitaciones: por cuestiones presupuestarias, haber realizado un muestreo que aunque representativo no fue aleatorio. Conclusiones: aunque los individuos en su mayoría señalan conocer conceptos relacionados a la sostenibilidad, podemos advertir que más que razonados estos son intuitivos y, en general, aleccionados desde los medios de comunicación
653 0# - TERMINO DE INDIZACION - NO CONTROLADO
Término no controlado CONSUMO
653 0# - TERMINO DE INDIZACION - NO CONTROLADO
Término no controlado IMPACTO AMBIENTAL
653 0# - TERMINO DE INDIZACION - NO CONTROLADO
Término no controlado SOSTENIBILIDAD
653 0# - TERMINO DE INDIZACION - NO CONTROLADO
Término no controlado MONTERREY, NUEVO LEON
856 4# - LOCALIZACIÓN Y ACCESO ELECTRÓNICOS
Identificador Uniforme del Recurso <a href="http://dx.doi.org/10.24836/es.v27i50.483">http://dx.doi.org/10.24836/es.v27i50.483</a>
856 4# - LOCALIZACIÓN Y ACCESO ELECTRÓNICOS
Identificador Uniforme del Recurso <a href="https://www.ciad.mx/estudiosociales/index.php/es/article/view/483/304">https://www.ciad.mx/estudiosociales/index.php/es/article/view/483/304</a>
856 4# - LOCALIZACIÓN Y ACCESO ELECTRÓNICOS
Identificador Uniforme del Recurso <a href="http://www.redalyc.org/jatsRepo/417/41751187015/html/index.html">http://www.redalyc.org/jatsRepo/417/41751187015/html/index.html</a>
905 ## - TIPO DE MATERIAL
Tipo de material Articulo

No items available.